| 000 | 01959cam a22004694i 4500 | ||
|---|---|---|---|
| 003 | PE-LiUPU | ||
| 005 | 20250731172745.0 | ||
| 008 | 150617s r 000 0 d | ||
| 035 | _a(Sirsi) a12224 | ||
| 040 |
_aPE-LiUPU _bspa _cPE-LiUPU _erda |
||
| 049 | _aPRUA | ||
| 082 | 0 | 4 |
_a226.3 _bT79 _221 |
| 100 | 1 |
_aTresmontant, Claude, _eautor. |
|
| 245 | 1 | 0 |
_aEssai Sur La Pensée Hébraïque / _cClaude Tresmontant. |
| 264 | 1 |
_aParís : _bLes Editions Du Cerf, _c1956. |
|
| 300 |
_a171 páginas ; _c22 cm. |
||
| 336 |
_atext _2rdacontent |
||
| 337 |
_aunmediated _2rdamedia |
||
| 338 |
_avolume _2rdacarrier |
||
| 490 | 0 |
_aLectio Divina ; _v12 |
|
| 505 | 0 | _aLa création -- Le temps -- Le temps et l'eternité -- Création et fabrication.L'idée de matiére -- Le sensible.Le symbolisme des elements. Le mâshâl.Le particulier -- Israël. La philosophie de l'historie -- L'Incarnation -- Schéma de l'antrophologie biblique -- L'absence du dualisme âme-corps -- La dimension nouvelle: le pneuma -- L'intelligence -- Le coeur de l'homme -- La pensée et l'action -- L'intelligence spirituelle qui est la foi -- Le "renouvellement de l'intellect" et la philosophie chrétienne. | |
| 526 | _aSEG42 | ||
| 526 | _aSEG41 | ||
| 526 | _aSEG40 | ||
| 526 | _aSEG39 | ||
| 526 | _aP94 | ||
| 526 | _aP87 | ||
| 526 | _aP86 | ||
| 526 | _aP85 | ||
| 526 | _aP77 | ||
| 526 | _aP76 | ||
| 526 | _aP35 | ||
| 650 | 0 | 4 |
_aJudaísmo. _91492 |
| 650 | 0 | 4 | _aMoral judía. |
| 910 |
_ajck _bjvq _cjck _d20150616 |
||
| 942 |
_2ddc _cBOOK |
||
| 949 |
_a226.3 T79 _wDEWEY _c1 _i10155 _lCCODEBUL1 _mBUL _p00.00 _r0 _sY _tBOOK _u19930823 _xTEOLOGIA _PP35 _0COMPRA _o.STAFF. Colección general |
||
| 994 |
_aC0 _bPEPRU |
||
| 596 | _a1 | ||
| 999 |
_a226.3 T79 _wDEWEY _c2459 _i10155 _d2459 _f2021-11-9 _g5 _lCCODEBUL1 _mBUL _q1 _r0 _sY _tBOOK _u2015-6-17 _xTEOLOGIA _PP35 _0COMPRA _o.STAFF. Colección general |
||
| 980 |
_81 _gALBERTO SANCHEZ Responsable de Automatización |
||